Financial Institutions, Valuations, Mergers, and Acquisitions (Record no. 3626)
[ view plain ]
| 000 -LEADER | |
|---|---|
| fixed length control field | 00976nam a2200193 4500 |
| 020 ## - INTERNATIONAL STANDARD BOOK NUMBER | |
| ISBN | 0471046337 |
| 022 ## - INTERNATIONAL STANDARD SERIAL NUMBER | |
| ISSN | 9780471046332 |
| 050 ## - CALL NUMBER | |
| Classification number | HG1707.7.R49 |
| 100 ## - AUTHOR | |
| Personal name | Zabihollah Rezaee |
| 245 ## - TITLE | |
| Title | Financial Institutions, Valuations, Mergers, and Acquisitions |
| Statement of responsibility, etc | Zabihollah Rezaee |
| 250 ## - EDITION | |
| Edition statement | 2nd ed |
| 260 ## - PUBLICATION INFORMATION | |
| Place of publication | New York |
| Name of publisher | John Wiley & Sons, Inc |
| Year of publication | 2001 |
| 300 ## - DESCRIPTION | |
| Number of Pages | 434p, |
| Dimensions | illus, 24cm |
| 500 ## - NOTES | |
| General note | Includes index |
| 505 ## - FORMATTED CONTENTS NOTE | |
| Table of Content | Preface xix<br/>Introduction to financial institutions 3<br/>Overview of the valuation process 38<br/>Overview of mergers and acquisitions 73<br/>Regulatory environment and financial reporting 111<br/>Value and valuation: a conceptual foundation 165<br/>valuations for tax and accounting purposes 213<br/>Intangible asset valuation 223<br/>Financial analysis of banks and bank holding companies 235<br/>Internal characteristics assessment 280<br/><br/> |
| 650 ## - SUBJECTS | |
| Topical Term | Financial Institutions |
| General subdivision | Mergers |
| 700 ## - OTHER AUTHORS | |
| Personal name | Zabihollah Rezaee |
| 942 ## - ADDED ENTRY ELEMENTS (KOHA) | |
| Koha item type | Books |
| Withdrawn status | Lost status | Collection code | Home library | Current library | Shelving location | Date acquired | Full call number | Accession Number | Koha item type |
|---|---|---|---|---|---|---|---|---|---|
| Reference | Methodist University Library Main | Methodist University Library Main | General Stacks | 21/06/2006 | HG1707.7.R49 | 12678 | Books |